Sports Quiz

Random Sports or Decade Quiz

NBA Finals Game Top Scorers (2000s) Quiz Stats

 Plays Quiz Updated Jun 13, 2018

Also try: NBA Finals MVPs
Challenge
Share
Tweet
Embed
Score 0/54 Timer 05:00
10 Plays Today
Year Player % Correct
2008 Finals - Boston Celtics v. Los Angeles LakersKobe Bryant & Kevin Garnett
99.5%
2001 Finals - Los Angeles Lakers v. Philadelphia 76ersKobe Bryant
99.5%
2002 Finals - Los Angeles Lakers v. New Jersey NetsKobe Bryant
99.5%
2004 Finals - Detroit Pistons v. Los Angeles LakersKobe Bryant
99.5%
2004 Finals - Detroit Pistons v. Los Angeles LakersKobe Bryant
99.5%
2008 Finals - Boston Celtics v. Los Angeles LakersKobe Bryant
99.5%
2008 Finals - Boston Celtics v. Los Angeles LakersKobe Bryant
99.5%
2009 Finals - Los Angeles Lakers v. Orlando MagicKobe Bryant
99.5%
2009 Finals - Los Angeles Lakers v. Orlando MagicKobe Bryant
99.5%
2009 Finals - Los Angeles Lakers v. Orlando MagicKobe Bryant
99.5%
2009 Finals - Los Angeles Lakers v. Orlando MagicKobe Bryant
99.5%
2000 Finals - Los Angeles Lakers v. Indiana PacersShaquille O'Neal & Reggie Miller
98.1%
2003 Finals - San Antonio Spurs v. New Jersey NetsTim Duncan & Jason Kidd
97.6%
2003 Finals - San Antonio Spurs v. New Jersey NetsTim Duncan & Jason Kidd
97.6%
2000 Finals - Los Angeles Lakers v. Indiana PacersShaquille O'Neal
97.1%
2000 Finals - Los Angeles Lakers v. Indiana PacersShaquille O'Neal
97.1%
2000 Finals - Los Angeles Lakers v. Indiana PacersShaquille O'Neal
97.1%
2000 Finals - Los Angeles Lakers v. Indiana PacersShaquille O'Neal
97.1%
2000 Finals - Los Angeles Lakers v. Indiana PacersShaquille O'Neal
97.1%
2002 Finals - Los Angeles Lakers v. New Jersey NetsShaquille O'Neal
97.1%
2002 Finals - Los Angeles Lakers v. New Jersey NetsShaquille O'Neal
97.1%
2004 Finals - Detroit Pistons v. Los Angeles LakersShaquille O'Neal
97.1%
2004 Finals - Detroit Pistons v. Los Angeles LakersShaquille O'Neal
97.1%
2006 Finals - Miami Heat v. Dallas MavericksDwyane Wade
95.6%
2006 Finals - Miami Heat v. Dallas MavericksDwyane Wade
95.6%
2006 Finals - Miami Heat v. Dallas MavericksDwyane Wade
95.6%
2006 Finals - Miami Heat v. Dallas MavericksDwyane Wade
95.6%
Year Player % Correct
2001 Finals - Los Angeles Lakers v. Philadelphia 76ersAllen Iverson
95%
2001 Finals - Los Angeles Lakers v. Philadelphia 76ersAllen Iverson
95%
2001 Finals - Los Angeles Lakers v. Philadelphia 76ersAllen Iverson
95%
2001 Finals - Los Angeles Lakers v. Philadelphia 76ersAllen Iverson
95%
2007 Finals - San Antonio Spurs v. Cleveland CavaliersLeBron James
94.6%
2003 Finals - San Antonio Spurs v. New Jersey NetsTony Parker
94.2%
2007 Finals - San Antonio Spurs v. Cleveland CavaliersTony Parker
94.2%
2007 Finals - San Antonio Spurs v. Cleveland CavaliersTony Parker
94.2%
2003 Finals - San Antonio Spurs v. New Jersey NetsTim Duncan
94.1%
2003 Finals - San Antonio Spurs v. New Jersey NetsTim Duncan
94.1%
2005 Finals - San Antonio Spurs v. Detroit PistonsTim Duncan
94.1%
2008 Finals - Boston Celtics v. Los Angeles LakersKevin Garnett & Ray Allen
93.7%
2006 Finals - Miami Heat v. Dallas MavericksDirk Nowitzki
92.7%
2008 Finals - Boston Celtics v. Los Angeles LakersPaul Pierce
91.6%
2008 Finals - Boston Celtics v. Los Angeles LakersPaul Pierce
91.6%
2003 Finals - San Antonio Spurs v. New Jersey NetsJason Kidd
90.4%
2007 Finals - San Antonio Spurs v. Cleveland CavaliersManu Ginobili
87.5%
2005 Finals - San Antonio Spurs v. Detroit PistonsManu Ginobili
82%
2005 Finals - San Antonio Spurs v. Detroit PistonsManu Ginobili
82%
2005 Finals - San Antonio Spurs v. Detroit PistonsChauncey Billups & Lindsey Hunter
81.3%
2005 Finals - San Antonio Spurs v. Detroit PistonsChauncey Billups
81.3%
2004 Finals - Detroit Pistons v. Los Angeles LakersRichard Hamilton
74.2%
2005 Finals - San Antonio Spurs v. Detroit PistonsRichard Hamilton
74.2%
2005 Finals - San Antonio Spurs v. Detroit PistonsRichard Hamilton
74.2%
2006 Finals - Miami Heat v. Dallas MavericksJason Terry
48.5%
2002 Finals - Los Angeles Lakers v. New Jersey NetsKenyon Martin
39.7%
2009 Finals - Los Angeles Lakers v. Orlando MagicRashard Lewis
36.9%

You're not logged in!

Compare scores with friends on all Sporcle quizzes.
Join for Free
OR
Log In

You Might Also Like...

Show Comments

Extras

Top Quizzes Today


Score Distribution

Your Account Isn't Verified!

In order to create a playlist on Sporcle, you need to verify the email address you used during registration. Go to your Sporcle Settings to finish the process.

Report this User

Report this user for behavior that violates our Community Guidelines.

Details: